000 00422nam a2200169 a 4500
001 0000-9212
003 ELIB.Books
008 110520 1999
035 _a(ELIB.Books)0000-9364
082 _a261.83
_bMye
100 _aMyers, Bryant L.
245 _aWalking with the Poor
260 _bNew York: Orbis Books
_c1999
650 _aSocial Theology
942 _2ddc
_cBK
998 _cbat
_e2011-05-20
999 _c9212
_d9212